Language Quiz

Random Language or Spanish Quiz

Spanish 253 Chapter 9 Vocab Quiz Stats

 Plays Quiz not verified by Sporcle

Challenge
Share
Tweet
Embed
Score 0/69 Timer 10:00
0 Plays Today
Spanish Word English Translation % Correct
el homosexualhomosexual
100%
la lesbianalesbian
100%
individualindividual
100%
los derechos civilescivil rights
100%
la discriminación de génerogender discrimination
100%
la igualdadequality
100%
la leylaw
100%
la libertadliberty
100%
el modelomodel
100%
el/la modelofashion model
100%
la prisiónprison
100%
el abusoabuse
100%
la discriminación socialsocial discrimination
100%
la discriminación sexualsexual discrimination
100%
la discriminación racialracial discrimination
100%
la discriminación religiosareligious discrimination
100%
condenarto condemn
100%
oponerse (irreg) ato oppose
100%
incluir (y)to include
100%
integrarto integrate
100%
legalizar (c)to legalize
100%
justojust
100%
la posición /la posturaposition
100%
la vozvoice
100%
la protestaprotest
100%
con respecto a...with respect to
100%
la diversidaddiversity
100%
el estereotipostereotype
100%
el feminismofeminism
100%
la manifestacióndemonstration
100%
la oportunidadopportunity
100%
la sociedadsociety
100%
la violenciaviolence
100%
la actitudattitude
93.3%
la legalizaciónlegalization
93.3%
Spanish Word English Translation % Correct
el privilegioprivilege
93.3%
promover (ue)to promote
93.3%
injustounjust
93.3%
estar a favorto be in favor
93.3%
estar en contrato be against
93.3%
el principioprinciple
86.7%
sobre (el tema de)...about
86.7%
el esfuerzoeffort
80%
ciego/ablind
80%
el analfabetismoilliteracy
80%
mejorarto improve
80%
analfabeto/ailliterate
80%
esforzarseto make an effort
73.3%
mudo/amute
73.3%
sordo/adeaf
73.3%
la ONG (organización no gubernamental)Non-governmental organization
73.3%
la asistencia públicawelfare
66.7%
la luchastruggle
66.7%
el/la preso/ainmate
66.7%
el rechazorejection
66.7%
rechazar (c)to reject
66.7%
la hembrafemale
60%
el varónmale
60%
la discriminación positivaaffirmative action
60%
exigir (j)to demand
60%
marginado/amarginalized
60%
discapacitado/a físicamentephysically handicapped
53.3%
discapacitado/a mentalmentementally handicapped
53.3%
el temaisse
53.3%
el machismomale pride
53.3%
la asistencia socialsocial work
46.7%
la cuestiónissue
46.7%
en cuanto a...regarding
40%
plantear(se)to pose (a question)
20%

You're not logged in!

Compare scores with friends on all Sporcle quizzes.
OR
Log In

You Might Also Like...

Show Comments

Extras

Top Quizzes Today


Score Distribution

Your Account Isn't Verified!

In order to create a playlist on Sporcle, you need to verify the email address you used during registration. Go to your Sporcle Settings to finish the process.

Report this User

Report this user for behavior that violates our Community Guidelines.

Details: